00457 2200169 4500001002100000005001500021008004100036020002200077035001900099041000700118082001100125090001700136100001300153245006100166260003600227300002400263INLIS00000000000032720241224112144241224||||||||| | ||| |||| || |  a978-602-14363-0-1 0010-1224000327 aid0 a324.23 a324.23 WIL i0 aAnandita00aindonesia di jalan restorasi politik gagasan surya paloh aJakartabPopulis Intitutec2013 axxx, 188 hlm; 19 cm